000 00844nam a2200277Ia 4500
003 OSt
005 20220918171032.0
006 a|||||r|||| 00| 0
007 ta
008 220917b |||||||| |||| 00| 0 eng d
020 _a9781138087422 (pbk)
_cUKP 25.99
024 _a353,338
037 _b009, 13/12/2019, Excel Book International
_cTextual
040 _aARTS
_cARTS
_beng
041 _2eng
_aeng
082 _aR1, Q9
100 _aAikin Scott F. Au.
_933388
245 0 _aWhy we argue
_b and how we should
250 _a2nd
260 _aLondon
_bRoutledge UK
_c2019
300 _axxvi,218p.
_ccm.
650 _aPHILOSOPHY
700 _a Talisse Robert B. Au.
_933389
942 _hR1, Q9
_cTEXL
_2CC
999 _c137441
_d137441